000 00446ntaaa2200181 4500
003 01
005 20251027201608.0
008 0714s1973 ag 01
040 _aAR-BaBN
_bspa
_cAR-BaBN
_eaacr
_dRIC
082 _a230.0000 W29
100 _aWaterhouse, Eric S.
_92348
245 _aEveryman and Christianity
250 _a1 ed. :
_bEpworth Press,
_cc/926
300 _a127 p.
500 _a"a working creed"
650 _aTeologĂ­a
942 _cBK
999 _c10544
_d10544